Introduction to Nursing Education (Record no. 355951)

MARC details
000 -LEADER
fixed length control field 00426nam a22001577a 4500
005 - DATE AND TIME OF LATEST TRANSACTION
control field 20230908113326.0
008 - FIXED-LENGTH DATA ELEMENTS--GENERAL INFORMATION
fixed length control field 230828b |||||||| |||| 00| 0 eng d
020 ## - INTERNATIONAL STANDARD BOOK NUMBER
International Standard Book Number 978-93-81390-19-1
082 ## - DEWEY DECIMAL CLASSIFICATION NUMBER
Classification number AD/610.7/CHA/DB1146
100 ## - MAIN ENTRY--PERSONAL NAME
Author Chanda Eshita
245 ## - TITLE STATEMENT
Title Introduction to Nursing Education
260 ## - PUBLICATION, DISTRIBUTION, ETC.
Name of publisher, distributor, etc. S.Vikas and Company (Medical Publisher)
Place of publication, distribution, etc. Jalandhar
Date of publication, distribution, etc. 2018
300 ## - PHYSICAL DESCRIPTION
Extent 301p
365 ## - TRADE PRICE
Price amount 375.00
942 ## - ADDED ENTRY ELEMENTS (KOHA)
Koha item type Donated Book
Holdings
Withdrawn status Lost status Source of classification or shelving scheme Damaged status Not for loan Home library Current library Date acquired Net Price Bill number Total Checkouts Total Renewals Full call number Barcode Date last seen Date last checked out Bill Date Koha item type Original Barcode
    Dewey Decimal Classification     Smt. Bakul Tambat Institute of Nursing Education Smt. Bakul Tambat Institute of Nursing Education 28/08/2023 375.00 65 5 2 AD 610.7 CHA DB1146 BTIN-DB-1146 08/07/2025 03/07/2025 28/08/2023 Donated Book DB1146